000 00312nam a22001337a 4500
008 170810b xxu||||| |||| 00| 0 eng d
020 _a0130393223
041 _aeng
080 _a004
100 _a35
101 _aSHKI
245 _aAPPLIED CONCEPTS IN MICROCOMPUTER GRAPHICS
_cARTWICK, B.A
942 _2udc
_cBK
999 _c23136
_d23136